[Event "XIII Closed IM BCC 2021"]
[Site "Barcelona"]
[Date "2021.04.07"]
[Round "3.2"]
[White "Benedetti, Julio"]
[Black "Martin Barcelo, Carles"]
[Result "1-0"]
[WhiteElo "2282"]
[BlackElo "2201"]
[Annotator "TA"]
[PlyCount "115"]
[EventDate "2021.04.05"]
[EventType "tourn"]
[EventCountry "ESP"]
[SourceTitle "playchess.com"]
[Source "ChessBase"]
[SourceQuality "1"]

{[%evp 16,115,-16,-20,62,14,29,12,58,44,39,27,43,0,36,41,46,54,52,26,40,27,26,40,27,18,64,60,75,60,61,58,51,53,60,39,93,93,105,93,97,41,40,41,41,44,43,15,9,18,27,18,19,19,15,0,16,0,0,0,24,8,8,8,22,22,22,29,29,0,86,86,149,147,284,202,362,362,791,791,791,456,791,791,786,743,717,195,195,195,29980,29981,29979,29979,29981,29982,29982,29979,29988,29989,29989,29990]} 1. e4 e5 2. Nf3 Nc6 3. d4 exd4 4. Bc4 Nf6 5. e5 d5 6. Bb5 Ne4 7. Nxd4 Bd7 8. Nxc6 bxc6 9. Bd3 {[#]} f6 $146 {C56: Two Knights: 4 d4 exd4 5 0-0 Nxe4.} ({Better is} 9... Qe7 $11) ({Predecessor:} 9... Nc5 10. O-O Nxd3 11. cxd3 c5 12. Nc3 Bc6 13. d4 cxd4 14. Qxd4 Qd7 15. Rd1 Rd8 16. Bg5 Be7 17. e6 fxe6 18. Qxg7 {0-1 (49) Kuderinov,K (2409)-Ceres,D (2244) chess.com INT 2020}) 10. Bxe4 dxe4 11. Qe2 Bf5 {The position is equal.} 12. Nd2 fxe5 13. Nxe4 Qd5 14. Ng3 Bg6 15. O-O Bd6 16. Rd1 Qe6 17. Qf3 e4 18. Qc3 Be5 19. Qc5 Kf7 20. Be3 Rhd8 21. Rxd8 Rxd8 22. Qxa7 Bxb2 23. Qxc7+ Rd7 24. Qf4+ Qf6 25. Qxf6+ Kxf6 (25... Bxf6 $14 26. Rb1 c5) 26. Rb1 $16 Be5 27. a4 Rd5 28. Nf1 (28. h4 $16) 28... Ra5 $1 $14 29. Rb4 c5 $1 {[%cal Rc5b4]} 30. Rc4 Be8 31. Bd2 Rxa4 32. Rxc5 Ra2 33. g4 Bd6 34. Rc8 Bd7 35. Rd8 Ke6 36. Rg8 Kf7 37. Rd8 Ke6 38. Bc3 Rxc2 39. Bxg7 Bc5 40. Ne3 Bxe3 41. fxe3 $11 {[%mdl 4096] Endgame KRB-KRB} Ke7 42. Bf6+ Ke6 (42... Kxf6 $11 43. Rxd7 Kg5) 43. Bd4 $16 {aiming for Rh8. White leaves nothing to chance now.} Ke7 {[#]} (43... Rc1+ $142 44. Kg2 Rc8 45. Rxc8 Bxc8) 44. Rg8 $1 Kd6 (44... Rc6 $16 {was called for.} 45. Rg7+ Kd8) 45. Rg7 Be6 $2 {[#]} (45... Ra2 {was necessary.} 46. h4 Rd2) 46. h3 $1 $18 ({Not} 46. Rxh7 Bxg4 47. h4 Ke6 $16) 46... h5 $2 (46... h6 47. Rg6 Kd5 48. Rxh6 Rc6) 47. gxh5 Rc1+ 48. Kh2 Rc2+ (48... Rf1 $142 49. h6 Rf3) 49. Kg3 Rc1 50. h6 Rg1+ 51. Kh4 $2 (51. Kf4 Rxg7 52. hxg7 (52. Bxg7 Bg8 $18)) 51... Rxg7 52. hxg7 {KB-KB} Bg8 $2 (52... Ke7 $18 53. Kg5 Kf7) 53. Kg5 {White mates.} Ke6 54. Kg6 Ke7 55. h4 Ke6 56. h5 Ke7 57. h6 Bf7+ 58. Kh7 {Weighted Error Value: White=0.42/Black=0.41} 1-0

[Event "XIII Closed IM BCC 2021"]
[Site "Barcelona"]
[Date "2021.04.07"]
[Round "3.3"]
[White "Boyer, Mahel"]
[Black "Munoz, Miguel"]
[Result "1/2-1/2"]
[WhiteElo "2333"]
[BlackElo "2462"]
[Annotator "TA"]
[PlyCount "162"]
[EventDate "2021.04.05"]
[EventType "tourn"]
[EventCountry "ESP"]
[SourceTitle "playchess.com"]
[Source "ChessBase"]
[SourceQuality "1"]

{[%evp 20,162,51,50,64,64,77,68,81,57,68,55,68,83,64,78,77,79,81,71,65,67,82,74,102,62,84,88,82,99,96,55,92,92,100,88,107,97,136,120,125,124,134,114,114,114,125,119,119,119,124,131,119,122,131,131,140,140,161,153,138,128,148,73,115,76,81,0,115,0,180,72,72,0,152,115,168,0,201,0,123,168,147,179,168,156,157,124,111,0,354,283,285,295,247,240,379,354,280,237,213,221,266,222,226,219,217,212,215,137,143,142,257,199,185,0,246,246,246,252,264,254,480,347,352,0,213,171,236,33,38,8,8,8,8,8,8,8,8,8,8,8,8,8,8]} 1. d4 Nf6 2. c4 c5 3. d5 g6 4. Nc3 Bg7 5. e4 d6 6. Nf3 O-O 7. h3 e6 8. Bd3 exd5 9. cxd5 a6 10. a4 Nbd7 11. O-O Ne8 {A70: Modern Benoni: 6 e4 g6 7 Nf3.} 12. Bg5 Bf6 13. Bh6 Bg7 {[#] White is slightly better.} 14. Qd2 $146 ({Predecessor:} 14. Bxg7 Kxg7 15. Qd2 Rb8 16. Rfe1 Qf6 17. Bf1 h6 18. Rab1 Ne5 19. Nxe5 dxe5 20. b4 {1-0 (34) Piesina,G (2405)-Jakubowski,J (2265) Polanica Zdroj 1991}) 14... Bxh6 15. Qxh6 f6 16. Nd2 Ne5 17. Be2 f5 18. exf5 $1 gxf5 19. f4 Nf7 20. Qh5 b6 21. Bd3 Qf6 {Hoping for ...Qd4+.} 22. Nf3 (22. Kh2 {is more complex.} Nh8 23. Nf3 Bd7 24. Ng5 h6 25. Ne6) 22... Ng7 23. Qh4 Qxh4 24. Nxh4 Nh8 25. Nf3 Ng6 26. g3 Bd7 27. Rfe1 Rfe8 28. Nd2 Ne7 29. Nc4 Nc8 30. Reb1 a5 31. Re1 Rxe1+ 32. Rxe1 Kf7 33. Ne3 Ne7 34. Bb5 Rd8 35. Bxd7 Rxd7 36. Nc4 Nc8 37. Nb5 Kf6 38. Kf2 h5 39. Kf3 Kf7 40. Re3 Kf8 41. Rb3 (41. Re2 $142) 41... Ke7 42. Nba3 Kd8 43. Nb5 (43. Nxb6 $6 Rb7 $11) 43... Ke7 $1 44. Re3+ (44. h4 $16) 44... Kf7 $2 (44... Kf8 $1 $11) 45. Nba3 (45. g4 $18 {is more deadly.}) 45... Ne8 $16 46. Nb5 (46. Rd3 $142) 46... Ng7 $1 47. Re2 Kf6 (47... Rd8 $16 {was called for.} 48. b3 Rd7) 48. Re1 Kf7 $1 49. Re2 Kf6 $1 50. g4 fxg4+ 51. hxg4 hxg4+ 52. Kxg4 Rd8 53. Rh2 {Strongly threatening Rh6+.} Kg6 54. Re2 ({White should play} 54. Kf3 $16) 54... Kf7 $2 {[%mdl 8192]} (54... Kf6 $1 $11 {and Black has nothing to worry.}) 55. f5 Ne8 56. Re6 Nf6+ 57. Kf3 Nxd5 (57... Kg7 $142 58. Nbxd6 Nxd6 59. Rxd6 (59. Nxd6 Nxd5 60. Rg6+ Kf8 $16) 59... Rh8 60. Rxb6 (60. Nxb6 Rh3+ 61. Ke2 Rh2+ 62. Kd3 Rxb2 $18) 60... Rh3+ 61. Kg2 Rh4) 58. Nbxd6+ $18 Nxd6 59. Nxd6+ {[%mdl 4096] Endgame KRN-KRN} Kf8 {[#]} 60. Nc4 $1 Ne7 61. Rxb6 Rd3+ 62. Ke2 Rd4 63. b3 (63. Nxa5 $6 Re4+ 64. Kd3 Rd4+ 65. Ke2 Re4+ 66. Kd2 Rd4+ 67. Kc2 Rxa4 $16) 63... Nd5 64. Rb8+ Kf7 65. Nxa5 Re4+ (65... Nc3+ $16 66. Ke3 Nd5+ 67. Kf3 Kf6 68. Rf8+ Kg5) 66. Kd3 Rd4+ 67. Ke2 (67. Kc2 $142) 67... Re4+ $1 68. Kd2 Rd4+ 69. Kc1 Nb4 70. Nb7 Na2+ $2 (70... Rd5 {keeps fighting.} 71. Rc8 Kf6) 71. Kc2 Nb4+ 72. Kc1 $2 (72. Kc3 $18 Nd5+ 73. Kb2) 72... Rd5 $2 (72... Na2+ $1 $11 {and Black is okay.} 73. Kb2 Rd2+ 74. Ka3 Rc2) 73. Rc8 Ke7 {[#]} (73... Kf6 {might work better.} 74. a5 (74. Nxc5 Rxc5+ {[%mdl 64] Remove Defender} 75. Rxc5 Nd3+ {[%mdl 64] Double Attack} 76. Kc2 Nxc5 $11) 74... Rd7 75. Nxc5 Ra7 76. Ne4+ Kxf5 77. Nd6+ Ke6) 74. a5 $2 ({White has to play} 74. Rc7+ $1 $18 Kf6 75. Rc8 (75. Nxc5 Rxc5+ {[%mdl 64] Remove Defender} 76. Rxc5 Nd3+ {[%mdl 64] Double Attack} 77. Kd2 Nxc5 $11)) 74... Rxf5 $14 75. Kd2 (75. Rc7+ {seems wilder.} Ke6 76. Kd1 Rh5 77. a6 Rh1+ 78. Ke2) 75... Kd7 $1 {The position is equal.} 76. Rxc5 Rxc5 77. Nxc5+ $11 {KN-KN} Kc6 78. Nd3 Nd5 79. b4 Kb5 80. Kc2 Nxb4+ {[%mdl 64] Remove Defender} 81. Nxb4 {a6 would kill now.} Kxa5 {Black defended with fortune.  Weighted Error Value: White=0.26/Black=0.26} 1/2-1/2

[Event "XIII Closed IM BCC 2021"]
[Site "Barcelona"]
[Date "2021.04.07"]
[Round "3.4"]
[White "Ruperez, Miguel"]
[Black "Droin, Augustin"]
[Result "1/2-1/2"]
[WhiteElo "2121"]
[BlackElo "2292"]
[Annotator "TA"]
[PlyCount "57"]
[EventDate "2021.04.05"]
[EventType "tourn"]
[EventCountry "ESP"]
[SourceTitle "playchess.com"]
[Source "ChessBase"]
[SourceQuality "1"]

{[%evp 15,57,-3,0,-7,-13,-8,-16,-10,0,-17,0,0,0,0,13,13,31,0,0,0,0,0,0,-4,8,8,10,10,10,9,12,10,12,6,8,6,11,3,3,3,6,4,13,14]} 1. Nf3 d5 2. e3 Nf6 3. c4 c6 4. b3 Bg4 5. Be2 Nbd7 6. cxd5 cxd5 7. Bb2 e6 8. O-O Bd6 9. d4 {A12: English Opening: 1...c6 with b3 by White.} O-O 10. Nc3 {[%cal Bb1c3,Bc3e2,Be2f4][%mdl 32]} a6 11. Rc1 Qe7 {[#]} 12. Ne5 $146 {[#] And now Nxd7 would win.} ({Predecessor:} 12. h3 Bh5 13. Nd2 Bxe2 14. Qxe2 Rfc8 15. e4 dxe4 16. Ncxe4 Nxe4 17. Qxe4 Nf6 18. Qf3 {0-1 (41) Urchipia,C (2083)-Kovalyov,A (2381) Argentina 2006}) 12... Bxe2 13. Nxe2 Rfc8 14. f3 b5 15. Nf4 Qd8 16. Qd2 b4 {The position is equal.} 17. Nfd3 a5 18. Rxc8 (18. Rfe1 {with more complications.} Ne8 19. Red1 Nef6 20. Kh1 Ne8 21. Qe2) 18... Rxc8 19. Rc1 Rxc1+ 20. Qxc1 Qc7 21. Qxc7 Bxc7 22. Nc6 Nb8 23. Nxb8 Bxb8 $11 {[%mdl 4096] Endgame KBN-KBN} 24. a3 bxa3 $1 25. Bxa3 Nd7 26. h3 f6 27. Kf2 Kf7 28. Ke2 e5 29. Nc5 {An uneventful encounter.  Weighted Error Value: White=0.04/Black=0.04} 1/2-1/2

[Event "XIII Closed IM BCC 2021"]
[Site "Barcelona"]
[Date "2021.04.08"]
[Round "4.1"]
[White "Rodriguez Garcia, Yuliesky"]
[Black "Asis Gargatagli, Hipolito"]
[Result "0-1"]
[WhiteElo "2175"]
[BlackElo "2454"]
[Annotator "TA"]
[PlyCount "92"]
[EventDate "2021.04.05"]
[EventType "tourn"]
[EventCountry "ESP"]
[SourceTitle "playchess.com"]
[Source "ChessBase"]
[SourceQuality "1"]

{[%evp 18,92,0,-6,36,19,25,25,31,27,24,27,25,-32,-23,-31,-43,-39,-45,-45,-16,-19,-14,-77,-71,-102,-103,-116,-123,-141,-129,-131,-112,-129,-92,-201,-205,-219,-216,-208,-201,-255,-255,-283,-295,-490,-464,-483,-474,-457,-412,-637,-642,-551,-543,-537,-535,-496,-487,-535,-521,-521,-493,-964,-904,-29971,-29973,-29972,-29973,-29973,-29974,-29972,-29973,-29973,-29972,-29954,-11179]} 1. d4 Nf6 2. Nf3 e6 3. e3 c5 4. Bd3 Nc6 5. c3 d5 6. O-O Bd6 7. Nbd2 O-O 8. dxc5 Bxc5 9. e4 {9.b4 is more fashionable.} Qc7 10. Qe2 Bb6 {D05: Colle System with ...e6.} 11. e5 Ng4 {[%cal Rc6e5] [#]} 12. Bxh7+ $1 Kxh7 {White has an edge.} 13. Ng5+ Kg8 14. Qxg4 Qxe5 15. Ndf3 (15. Qh5 $11 Qf5 16. Ndf3) 15... Qf6 $36 {[%mdl 2048] White is under pressure.} 16. Qh5 {[%csl Gg5][%cal Rh5h7]} Qh6 17. Qxh6 gxh6 18. Nh3 Kh7 {[#]} 19. Re1 $146 ({Predecessor:} 19. Nf4 Rg8 20. Nh5 Bd8 21. Re1 Be7 22. Bf4 b6 23. h3 Rg6 24. Nh2 f6 25. Kh1 {½-½ (65) Boutonnet,R-Mos,G France 1998}) 19... Rd8 20. Ne5 (20. Be3 $11) 20... f6 $17 {White is on the road to losing.} 21. Nxc6 bxc6 22. Nf4 e5 23. Nh5 Kg6 24. Ng3 c5 25. Bd2 a5 26. b4 (26. c4 $17) 26... cxb4 27. cxb4 axb4 28. Bxb4 Bd4 29. Rad1 Rxa2 30. Rd2 Ra4 31. Rxd4 (31. Rb1) 31... exd4 $19 32. Bd2 Ra2 33. Bf4 d3 34. f3 (34. Nf1 $142) 34... Bd7 35. h4 h5 36. Nf1 Re8 37. Rxe8 Bxe8 {[%mdl 4096] Endgame KRB-KBN} 38. Nd2 Bd7 39. Kf2 d4 40. Kg3 (40. g3 $142) 40... Kf5 41. Nc4 {[#]} Rxg2+ $3 {[%mdl 576] Deflection. Black mates.} 42. Kxg2 Kxf4 43. Kf2 Bc6 44. Nd2 Bd5 45. Nb1 Bxf3 46. Nd2 Bd5 {Weighted Error Value: White=0.45/Black=0.05} 0-1

[Event "XIII Closed IM BCC 2021"]
[Site "Barcelona"]
[Date "2021.04.08"]
[Round "4.2"]
[White "Droin, Augustin"]
[Black "Martin Gonzalez, Angel"]
[Result "1-0"]
[WhiteElo "2292"]
[BlackElo "2291"]
[Annotator "NA"]
[PlyCount "97"]
[EventDate "2021.04.05"]
[EventType "tourn"]
[EventCountry "ESP"]
[SourceTitle "playchess.com"]
[Source "ChessBase"]
[SourceQuality "1"]
[TimeControl "5400+30"]

1. d4 {[%emt 0:00:00]} Nf6 {[%emt 0:01:52]} 2. c4 {[%emt 0:00:00]} c5 {[%emt 0:00:08]} 3. d5 {[%emt 0:00:00]} e6 {[%emt 0:00:04]} 4. Nc3 {[%emt 0:00:00]} exd5 {[%emt 0:00:16]} 5. cxd5 {[%emt 0:00:05]} d6 {[%emt 0:00:07]} 6. e4 {[%emt 0:00:16]} g6 {[%emt 0:00:11]} 7. Nf3 {[%emt 0:00:14]} Bg7 {[%emt 0:00:44]} 8. h3 {[%emt 0:00:05]} O-O {[%emt 0:00:09]} 9. Bd3 {[%emt 0:00:13]} Nbd7 {[%emt 0:00:21]} 10. O-O {[%emt 0:00:09]} Nh5 {[%emt 0:00:07]} 11. Be2 {[%emt 0:02:06]} Re8 {[%emt 0:02:21]} 12. Bg5 {[%emt 0:02:23]} Bf6 {[%emt 0:09:18]} 13. Bh6 {[%emt 0:00:40]} a6 {[%emt 0:01:52]} 14. a4 {[%emt 0:02:46]} b6 {[%emt 0:07:08]} 15. Nd2 {[%emt 0:07:35]} Ng7 {[%emt 0:06:33]} 16. f4 {[%emt 0:08:25]} Bd4+ {[%emt 0:03:14]} 17. Kh2 {[%emt 0:01:17]} f5 {[%emt 0:03:17]} 18. Bf3 {[%emt 0:17:44]} Nf6 {[%emt 0:05:58]} 19. Re1 {[%emt 0:05:34]} Ra7 {[%emt 0:08:39]} 20. Bg5 {[%emt 0:03:29]} Rf7 {[%emt 0:06:56]} 21. Nc4 {[%emt 0:10:43]} h6 {[%emt 0:12:11]} 22. Bxf6 {[%emt 0:00:41]} Qxf6 {[%emt 0:00:21]} 23. Qd2 {[%emt 0:00:42]} Bxc3 {[%emt 0:12:50]} 24. Qxc3 {[%emt 0:00:47]} fxe4 {[%emt 0:00:26]} 25. Qxf6 {[%emt 0:00:22]} Rxf6 {[%emt 0:00:11]} 26. Rxe4 {[%emt 0:00:31]} b5 {[%emt 0:03:22]} 27. axb5 {[%emt 0:14:33]} axb5 {[%emt 0:00:40]} 28. Rxe8+ {[%emt 0:01:47]} Nxe8 {[%emt 0:00:10]} 29. Nb6 {[%emt 0:00:04]} Bf5 {[%emt 0:02:13]} 30. g4 {[%emt 0:03:17]} Bd3 {[%emt 0:01:23]} 31. Kg3 {[%emt 0:00:22]} b4 {[%emt 0:01:37]} 32. Ra8 {[%emt 0:04:21]} Bb5 {[%emt 0:00:07]} 33. Be2 {[%emt 0:00:19]} c4 {[%emt 0:01:16]} 34. Bxc4 {[%emt 0:00:03]} Bxc4 {[%emt 0:00:13]} 35. Rxe8+ {[%emt 0:02:58]} Kf7 {[%emt 0:00:01]} 36. Re4 {[%emt 0:00:27]} Bd3 {[%emt 0:01:16]} 37. Rd4 {[%emt 0:00:24]} Bb5 {[%emt 0:00:01]} 38. Rxb4 {[%emt 0:00:05]} Be8 {[%emt 0:00:11]} 39. Nc4 {[%emt 0:00:38]} Ke7 {[%emt 0:00:15]} 40. Rb7+ {[%emt 0:00:37]} Kd8 {[%emt 0:04:13]} 41. Rh7 {[%emt 0:01:51]} g5 {[%emt 0:06:00]} 42. f5 {[%emt 0:00:39]} Bf7 {[%emt 0:00:01]} 43. Ne3 {[%emt 0:00:28]} Ke7 {[%emt 0:00:16]} 44. Rh8 {[%emt 0:00:14]} Be8 {[%emt 0:00:12]} 45. h4 {[%emt 0:00:17]} Bf7 {[%emt 0:02:28]} 46. hxg5 {[%emt 0:00:17]} hxg5 {[%emt 0:00:02]} 47. Kf3 {[%emt 0:00:25]} Kd7 {[%emt 0:00:37]} 48. Ke4 {[%emt 0:00:12]} Be8 {[%emt 0:00:34]} 49. Nc2 {[%emt 0:00:33]} 1-0

[Event "XIII Closed IM BCC 2021"]
[Site "Barcelona"]
[Date "2021.04.08"]
[Round "4.3"]
[White "Munoz, Miguel"]
[Black "Ruperez, Miguel"]
[Result "1-0"]
[WhiteElo "2462"]
[BlackElo "2121"]
[Annotator "TA"]
[PlyCount "139"]
[EventDate "2021.04.05"]
[EventType "tourn"]
[EventCountry "ESP"]
[SourceTitle "playchess.com"]
[Source "ChessBase"]
[SourceQuality "1"]

{[%evp 17,139,14,22,2,4,0,0,0,18,18,24,18,21,14,25,10,27,14,22,22,22,28,24,26,20,19,13,11,27,21,74,72,91,24,23,4,14,14,12,12,13,11,8,8,29,0,0,0,32,23,16,16,16,16,24,16,16,17,29,40,52,65,53,0,103,98,121,83,233,233,233,231,209,218,219,206,204,218,210,199,344,292,396,370,340,369,370,261,666,641,921,867,4885,4877,29967,29968,29967,29961,11736,7797,29968,29968,29966,0,29949,8244,1800,1234,29968,29970,29970,29971,29961,29948,29977,29978,29982,29979,29979,29980,29980,29977,29981,29982]} 1. e4 c5 2. Nf3 e6 3. c4 Nc6 4. d4 cxd4 5. Nxd4 Nf6 6. Nc3 Bb4 7. Nxc6 bxc6 8. Bd3 e5 9. O-O O-O 10. Bd2 {10.Qe2 gains popularity. B44: Sicilian: Taimanov: 5 Nb5.} d6 11. Na4 Bxd2 12. Qxd2 {The position is equal.} d5 13. cxd5 cxd5 14. exd5 Qxd5 {[#] And now ...e4 would win.} 15. Nc3 {[#]} Qc6 $146 ({Predecessor:} 15... Qd4 16. Rfd1 Bb7 17. Bf1 Qxd2 18. Rxd2 Rfd8 19. Rad1 Rxd2 20. Rxd2 Kf8 21. f3 Rc8 {1-0 (66) Briestensky,R (2293)-Gritsak,O (2548) Warsaw 2011}) 16. f3 (16. Rfe1 {is more complex.} Bb7 17. Bf1 Rfd8 18. Qe3 e4 19. Rad1) 16... Qb6+ 17. Qf2 Rd8 18. Qxb6 axb6 19. Bc4 Bb7 20. Rae1 Rd4 21. Bb3 Ba6 22. Rf2 Re8 23. Rc2 Bd3 (23... Kf8 $11 {remains equal.}) 24. Rd2 $16 b5 25. Ne2 (25. Kf2 $16) 25... Rd7 $11 26. Nc1 Bc4 27. Rc2 Rd4 28. Ne2 Bxb3 29. Nxd4 Bxc2 30. Nxc2 {[%mdl 4096] Endgame KRN-KRN} Rc8 31. Ne3 Kf8 32. Rd1 Rc6 33. Rd8+ Ke7 34. Rb8 Rc5 35. Kf2 Nd5 $1 36. Nxd5+ Rxd5 {KR-KR} 37. Ke3 f5 38. g4 fxg4 39. fxg4 Kf6 40. h4 (40. Rb7 $14) 40... h6 (40... Rd4 $11) 41. Rb6+ $16 {White now steadily converts the win.} Kf7 42. g5 h5 (42... Rd4 $16) 43. Ke4 $18 Rd4+ 44. Kxe5 Rxh4 {intending ...Rg4.} 45. g6+ ({Stronger than} 45. Rxb5 Rg4 $11) 45... Kf8 46. Rb8+ Ke7 47. Rb7+ Kf8 48. Rxb5 {aiming for b4.} Rg4 (48... Ra4 {keeps fighting.} 49. Rb8+ Ke7 50. Rb7+ Kf8) 49. Kf5 Rg1 50. Rb8+ Ke7 51. Rb7+ Kf8 {If only Black now had time for ...h4....} 52. Rb4 Rg2 $2 {[#]} (52... Rh1 53. Rb8+ Ke7 54. Rb7+ Kf8 55. Rf7+ Kg8) 53. a4 {[%cal Ba2a4,Ba4a5][%mdl 32]} h4 54. Rxh4 Rxb2 55. a5 Ra2 56. Ke6 {[%cal Rh4h8]} Re2+ 57. Kd7 {[%cal Rh4h8]} Rd2+ 58. Kc7 Rc2+ 59. Kb7 Rb2+ 60. Kc7 Rc2+ $1 61. Kd6 (61. Kb6 $142 Rg2 62. a6 Rxg6+ 63. Kb5 Rxa6 64. Kxa6 Kf7 65. Kb5 Kf6 66. Kc4) 61... Rd2+ 62. Kc5 Rc2+ 63. Kb5 {White mates.} Rb2+ 64. Rb4 Ra2 65. Rf4+ Ke8 66. a6 Rb2+ 67. Rb4 Ra2 68. Kb6 Ke7 69. Kb7 Kf6 70. Rb6+ {Weighted Error Value: White=0.16/Black=0.56} 1-0

[Event "XIII Closed IM BCC 2021"]
[Site "Barcelona"]
[Date "2021.04.08"]
[Round "4.4"]
[White "Martin Barcelo, Carles"]
[Black "Boyer, Mahel"]
[Result "0-1"]
[WhiteElo "2201"]
[BlackElo "2333"]
[Annotator "NA"]
[PlyCount "126"]
[EventDate "2021.04.05"]
[EventType "tourn"]
[EventCountry "ESP"]
[SourceTitle "playchess.com"]
[Source "ChessBase"]
[SourceQuality "1"]
[TimeControl "5400+30"]

1. e4 e6 2. d4 d5 3. e5 c5 4. c3 Nc6 5. Nf3 Nh6 6. Bd3 cxd4 7. cxd4 Nf5 8. Bxf5 exf5 9. Nc3 Be7 10. h4 O-O 11. Bg5 f6 12. exf6 Bxf6 13. Qd2 Re8+ 14. Ne2 Bxg5 15. hxg5 f4 16. Kf1 Bf5 17. Nxf4 Be4 18. Re1 Qd6 19. Nh4 Nxd4 20. f3 Rf8 21. Qxd4 Rxf4 22. Qd2 Raf8 23. Kg1 Bxf3 24. Nxf3 Rxf3 25. gxf3 Qg3+ 26. Qg2 Qxe1+ 27. Kh2 Qe5+ 28. Kh3 Qf5+ 29. Qg4 Qxf3+ 30. Qxf3 Rxf3+ 31. Kg4 Rf2 32. Rd1 Rxb2 33. Rxd5 Rg2+ 34. Kf5 Rf2+ 35. Kg4 g6 36. Rd7 Rf7 37. Rd8+ Kg7 38. a4 b6 39. Rd5 Kf8 40. a5 bxa5 41. Rxa5 Ke8 42. Ra6 Kd8 43. Rc6 Kd7 44. Ra6 Kc8 45. Rc6+ Kb7 46. Rf6 Re7 47. Kf4 a5 48. Rd6 Rf7+ 49. Ke4 Rf5 50. Rd7+ Kb6 51. Rxh7 Rxg5 52. Kd4 a4 53. Kc4 a3 54. Kb3 Rg3+ 55. Kc2 Kc6 56. Re7 Kd5 57. Re8 g5 58. Re7 g4 59. Re8 Rf3 60. Rg8 g3 61. Rg7 Ke4 62. Rg4+ Ke3 63. Rg8 Kf2 0-1

[Event "XIII Closed IM BCC 2021"]
[Site "Barcelona"]
[Date "2021.04.08"]
[Round "4.5"]
[White "Martinez Fernandez, Adrian"]
[Black "Benedetti, Julio"]
[Result "0-1"]
[WhiteElo "2369"]
[BlackElo "2282"]
[Annotator "NA"]
[PlyCount "84"]
[EventDate "2021.04.05"]
[EventType "tourn"]
[EventCountry "ESP"]
[SourceTitle "playchess.com"]
[Source "ChessBase"]
[SourceQuality "1"]
[TimeControl "5400+30"]

1. e4 {[%emt 0:00:00]} c5 {[%emt 0:00:48]} 2. Nf3 {[%emt 0:00:00]} Nc6 {[%emt 0:00:26]} 3. d4 {[%emt 0:00:00]} cxd4 {[%emt 0:00:22]} 4. Nxd4 {[%emt 0:00:00]} Nf6 {[%emt 0:00:19]} 5. Nc3 {[%emt 0:00:02]} e5 {[%emt 0:00:18]} 6. Ndb5 {[%emt 0:00:08]} d6 {[%emt 0:00:09]} 7. Bg5 {[%emt 0:00:07]} a6 {[%emt 0:00:09]} 8. Na3 {[%emt 0:00:07]} b5 {[%emt 0:00:06]} 9. Nd5 {[%emt 0:00:06]} Be7 {[%emt 0:00:26]} 10. Bxf6 {[%emt 0:00:08]} Bxf6 {[%emt 0:00:07]} 11. c4 {[%emt 0:00:06]} b4 {[%emt 0:00:16]} 12. Nc2 {[%emt 0:00:07]} a5 {[%emt 0:00:12]} 13. g3 {[%emt 0:00:08]} h5 {[%emt 0:00:32]} 14. h4 {[%emt 0:05:02]} g6 {[%emt 0:00:24]} 15. Bh3 {[%emt 0:02:46]} Bb7 {[%emt 0:00:20]} 16. Qd3 {[%emt 0:06:37]} Bg7 {[%emt 0:01:49]} 17. Rd1 {[%emt 0:01:51]} O-O {[%emt 0:00:52]} 18. O-O {[%emt 0:02:20]} Re8 {[%emt 0:00:51]} 19. Rfe1 {[%emt 0:03:54]} Rb8 {[%emt 0:16:15]} 20. b3 {[%emt 0:02:35]} Ba8 {[%emt 0:03:04]} 21. Kh2 {[%emt 0:05:13]} Rb7 {[%emt 0:12:48]} 22. Qe2 {[%emt 0:08:58]} Ra7 {[%emt 0:02:19]} 23. Rd3 {[%emt 0:03:32]} Nd4 {[%emt 0:03:04]} 24. Qd1 {[%emt 0:30:28]} Bxd5 {[%emt 0:02:47]} 25. cxd5 {[%emt 0:00:02]} Nb5 {[%emt 0:06:15]} 26. Qd2 {[%emt 0:02:33]} Rc7 {[%emt 0:03:38]} 27. Rf3 {[%emt 0:02:47]} Kh7 {[%emt 0:06:16]} 28. Bf1 {[%emt 0:02:18]} Bh6 {[%emt 0:00:37]} 29. Qd3 {[%emt 0:00:26]} Rb7 {[%emt 0:10:54]} 30. Qc4 {[%emt 0:11:38]} Ree7 {[%emt 0:03:53]} 31. Qc6 {[%emt 0:03:14]} Nc3 {[%emt 0:05:06]} 32. a3 {[%emt 0:01:06]} Bd2 {[%emt 0:01:52]} 33. Ra1 {[%emt 0:00:01]} Nxe4 {[%emt 0:00:29]} 34. Bd3 {[%emt 0:00:48]} Nc5 {[%emt 0:01:57]} 35. Ba6 {[%emt 0:02:08]} Rbc7 {[%emt 0:01:09]} 36. Qb6 {[%emt 0:00:42]} Nxa6 {[%emt 0:01:00]} 37. Rd1 {[%emt 0:00:01]} Bh6 {[%emt 0:02:07]} 38. Qxa5 {[%emt 0:00:59]} e4 {[%emt 0:00:40]} 39. Nxb4 {[%emt 0:04:38]} Nxb4 {[%emt 0:00:17]} 40. Rc3 {[%emt 0:00:01]} Nd3 {[%emt 0:00:19]} 41. f3 {[%emt 0:00:45]} Qc8 {[%emt 0:00:31]} 42. Rxc7 {[%emt 0:00:48]} Rxc7 0-1

[Event "XIII Closed IM BCC 2021"]
[Site "Barcelona"]
[Date "2021.04.09"]
[Round "5.1"]
[White "Benedetti, Julio"]
[Black "Rodriguez Garcia, Yuliesky"]
[Result "1-0"]
[WhiteElo "2282"]
[BlackElo "2175"]
[Annotator "NA"]
[PlyCount "45"]
[EventDate "2021.04.05"]
[EventType "tourn"]
[EventCountry "ESP"]
[SourceTitle "playchess.com"]
[Source "ChessBase"]
[SourceQuality "1"]
[TimeControl "5400+30"]

1. e4 {[%emt 0:03:38]} e6 {[%emt 0:00:15]} 2. d3 {[%emt 0:00:36]} d5 {[%emt 0:00:58]} 3. Nd2 {[%emt 0:00:06]} Nf6 {[%emt 0:01:06]} 4. g3 {[%emt 0:00:14]} c5 {[%emt 0:02:21]} 5. Bg2 {[%emt 0:00:06]} Nc6 {[%emt 0:00:53]} 6. Ngf3 {[%emt 0:00:12]} Be7 {[%emt 0:01:26]} 7. O-O {[%emt 0:00:14]} O-O {[%emt 0:01:13]} 8. Re1 {[%emt 0:00:16]} b6 {[%emt 0:01:51]} 9. e5 {[%emt 0:00:43]} Ne8 {[%emt 0:02:08]} 10. Nf1 {[%emt 0:00:38]} Nc7 {[%emt 0:12:30]} 11. Ne3 {[%emt 0:05:34]} Bb7 {[%emt 0:01:21]} 12. h4 {[%emt 0:00:20]} f6 {[%emt 0:04:59]} 13. exf6 {[%emt 0:00:43]} Bxf6 {[%emt 0:00:17]} 14. Ng4 {[%emt 0:00:48]} h5 {[%emt 0:03:43]} 15. Nxf6+ {[%emt 0:01:53]} Qxf6 16. Bf4 {[%emt 0:00:26]} e5 {[%emt 0:09:05]} 17. Nxe5 {[%emt 0:19:01]} Nxe5 {[%emt 0:00:16]} 18. Rxe5 {[%emt 0:02:02]} Ne6 {[%emt 0:00:25]} 19. Qxh5 {[%emt 0:00:47]} Nxf4 {[%emt 0:00:51]} 20. gxf4 {[%emt 0:00:06]} Qxf4 {[%emt 0:01:03]} 21. Rf1 {[%emt 0:00:35]} Rf7 {[%emt 0:07:33]} 22. Bh3 {[%emt 0:02:56]} g6 {[%emt 0:11:29]} 23. Rg5 {[%emt 0:09:24]} 1-0